El conservadurismo en Estados Unidos y Canada : (Record no. 55038)

MARC details
000 -LEADER
campo de control de longitud fija 00619nam a2200181 4500
001 - NÚMERO DE CONTROL
campo de control 22654
005 - FECHA Y HORA DE LA ÚLTIMA TRANSACCIÓN
campo de control 20230410120942.0
008 - DATOS DE LONGITUD FIJA--INFORMACIÓN GENERAL
campo de control de longitud fija 060907n1997 dr spa
020 ## - NÚMERO INTERNACIONAL ESTÁNDAR DEL LIBRO
Número Internacional Estándar del Libro 9683659284
035 ## - NÚMERO DE CONTROL DEL SISTEMA
-- funglode22817
041 ## - CÓDIGO DE IDIOMA
Código de lengua del texto/banda sonora o título independiente ES
050 14 - SIGNATURA TOPOGRÁFICA DE LA BIBLIOTECA DEL CONGRESO
Número de clasificación JC 573.2 C755 1997
245 03 - MENCIÓN DEL TÍTULO
Título El conservadurismo en Estados Unidos y Canada :
Resto del título tendencias y perspectivas hacia el fin del milenio /
Mención de responsabilidad, etc. coordinadoras Mónica Verea C., y Silvia Núñez G.
260 ## - PUBLICACIÓN, DISTRIBUCIÓN, ETC.
Lugar de publicación, distribución, etc. Mexico :
Nombre del editor, distribuidor, etc. Universidad Nacional Autónoma de México,
Fecha de publicación, distribución, etc. 1997
300 ## - DESCRIPCIÓN FÍSICA
Extensión 342 p.
700 ## - ENTRADA AGREGADA--NOMBRE PERSONAL
Nombre de persona Verea C., Mónica \ Núñez G.,Silvia
942 ## - ELEMENTOS DE ENTRADA SECUNDARIOS (KOHA)
Fuente del sistema de clasificación o colocación Clasificación de Library of Congress
Tipo de ítem Koha
Holdings
Estatus retirado Estado de pérdida Fuente del sistema de clasificación o colocación Estado de daño No para préstamo Colección Biblioteca de origen Biblioteca actual Ubicación en estantería Fecha de adquisición Serial enumeration / chronology Signatura topográfica completa Código de barras Visto por última vez Tipo de ítem Koha
    Clasificación de Library of Congress     Ciencias Sociales Biblioteca Juan Bosch Biblioteca Juan Bosch Ciencias Sociales (3er. Piso) 24/10/2018 1 JC 573.2 C755 1997 00000022974 24/10/2018